RuPaul's Drag Race: Any 3 Letters Quiz Stats

 Plays Quiz not verified by Sporcle

Score 0/126 Timer 08:00
11 Plays Today
% Correct
Shangela Laquifa Wadley
95.8%
Latrice Royale
94%
Sasha Belle
93.5%
Sasha Velour
93.1%
Mrs. Kasha Davis
93%
Lineysha Sparx
91.7%
Monét X Change
91.6%
Sharon Needles
91.6%
Lashauwn Beyond
91.4%
Kameron Michaels
91.4%
Adore Delano
91.2%
Naysha Lopez
91.1%
Kenya Michaels
90.9%
Shannel
90.5%
Violet Chachki
90%
BeBe Zahara Benet
89.9%
Morgan McMichaels
89.9%
Bianca Del Rio
89.8%
Trixie Mattel
89.4%
Alaska
89.3%
Raja
88.2%
Kennedy Davenport
88.1%
Valentina
88%
Chad Michaels
87.8%
Bob the Drag Queen
87.8%
Trinity K. Bonet
87.6%
Trinity Taylor
87.2%
Alexis Michelle
86.9%
BenDeLaCreme
86.6%
Alexis Mateo
85.9%
Coco Montrese
85.7%
Cynthia Lee Fontaine
85.6%
Jinkx Monsoon
85.6%
Monique Heart
85.5%
Shea Couleé
85.4%
Charlie Hides
85.2%
Jaymes Mansfield
85.2%
Serena Cha Cha
85.1%
Alisa Summers
85%
Kimora Blac
84.9%
Kalorie Karbdashian Williams
84.8%
Ongina
84.5%
% Correct
Nina Bo'nina Brown
84.3%
Kelly Mantle
83.9%
Sahara Davenport
83.9%
Kim Chi
83.4%
Nina Flowers
83.3%
Mayhem Miller
82.2%
Aquaria
81.8%
Alyssa Edwards
81.8%
Manila Luzon
81.5%
Raven
81.1%
Monica Beverly Hillz
80.9%
Vivacious
80.8%
Rebecca Glasscock
80.1%
Katya
79%
Phi Phi O'Hara
78.7%
Madame LaQueer
78.6%
Milan
78.5%
Naomi Smalls
78.4%
Stacy Layne Matthews
78.1%
Vivienne Pinay
77.9%
Ginger Minj
77.8%
Akashia
77.2%
Jessica Wild
77.2%
Mystique Summers Madison
77.2%
Asia O'Hara
77.2%
Courtney Act
77.2%
Roxxxy Andrews
77%
Vanessa Vanjie Mateo
76.6%
Detox
76.6%
April Carrión
76.5%
Milk
75.9%
Aja
75.6%
Darienne Lake
75.1%
Victoria 'Porkchop' Parker
75%
DiDa Ritz
74.9%
Dusty Ray Bottoms
74.6%
Jiggly Caliente
74.6%
Yara Sofia
74.3%
Willam
74.3%
Tyra Sanchez
74.3%
Dax ExclamationPoint
73.8%
The Vixen
71.6%
% Correct
Pandora Boxx
71.5%
Jade Jolie
71.4%
Delta Work
70.9%
Miz Cracker
70.8%
Laganja Estranja
70.7%
Chi Chi Devayne
70.4%
Eureka
70.2%
Jade
70%
Jujubee
69.9%
Peppermint
69.9%
Blair St. Clair
69.9%
Acid Betty
69.9%
Yuhua Hamasaki
69.8%
Farrah Moan
69.3%
Tatianna
68.8%
Jasmine Masters
68.1%
Pearl
68%
Derrick Barry
66.7%
Gia Gunn
66.6%
Carmen Carrera
66.4%
The Princess
66.3%
Ivy Winters
65.2%
Tammie Brown
65.2%
Laila McQueen
65%
Miss Fame
64.3%
Mimi Imfurst
63.7%
Magnolia Crawford
63%
Penny Tration
62.2%
Thorgy Thor
62.1%
Honey Mahogany
62%
Max
60.8%
Mariah
60.7%
Sonique
60.6%
Kandy Ho
60.3%
Tempest DuJour
60.3%
India Ferrah
58.9%
Nicole Paige Brooks
55.9%
Venus D-Lite
55%
Jaidynn Diore Fierce
53.6%
Joslyn Fox
53.5%
Robbie Turner
51.7%
Phoenix
50%

You're not logged in!

Compare scores with friends on all Sporcle quizzes.
OR
Log In

You Might Also Like...

Show Comments

Extras

Top Quizzes Today


Score Distribution

Your Account Isn't Verified!

In order to create a playlist on Sporcle, you need to verify the email address you used during registration. Go to your Sporcle Settings to finish the process.

Report this User

Report this user for behavior that violates our Community Guidelines.

Details: